RF and Microwave Applications and Systems (Record no. 1779043)

MARC details
000 -LEADER
fixed length control field 01359nam a2200277Ia 4500
005 - DATE AND TIME OF LATEST TRANSACTION
control field 20260324130655.0
008 - FIXED-LENGTH DATA ELEMENTS--GENERAL INFORMATION
fixed length control field 008 260324s9999 xx 000 0 eng d
020 ## - INTERNATIONAL STANDARD BOOK NUMBER
International Standard Book Number 9781315221861
037 ## - SOURCE OF ACQUISITION
Stock number EBOOK
040 ## - CATALOGING SOURCE
Original cataloging agency CRL
040 ## - CATALOGING SOURCE
Language of cataloging eng
040 ## - CATALOGING SOURCE
Transcribing agency CRL
041 ## - LANGUAGE CODE
Source of code eng
041 ## - LANGUAGE CODE
Language code of text/sound track or separate title eng
084 ## - COLON CLASSIFICATION NUMBER
Assigning agency CRL
100 ## - MAIN ENTRY--PERSONAL NAME
Personal name James Bartlett; Janet Golio; Melvin L. Belchel, Jr.; Balvinder S. Bisla; Alfy Riddle; Al Petrick; Arye Rosen; Harel Rosen; Madhu S. Gupta; Bob O'Hara; Arthur C. Paolella; Mike Golio; Matthew N.O. Sadiku; Michael Pecht; Allan D. Kraus; Josh T. Nessmith; James C. Wiltse; Andrew D. Kucar; Nicholas E. Buris; Patrick Fay; Nils V. Jespersen; Wayne Stark; Ramesh K. Gupta; John M. Osepchuk; Vesna Radisic; Ian Gifford; Dan Jenkins; Yongxi Qian; Tatsuo Itoh; Brent McDonald; Karl J. Geisler; William Deal; Samuel O. Piper; Diganta Das; George K. Schoneman; Ronald C. Petersen; Michael J. Biercuk; Leland Farrer, M.; William Jemison; Carey Rappaport; John Wendler, P; Paul Flikkema; H. Mike Harris; John F. Sevic; Sudarshan Rao Nelatury
9 (RLIN) 1182666
245 #0 - TITLE STATEMENT
Title RF and Microwave Applications and Systems
260 ## - PUBLICATION, DISTRIBUTION, ETC.
Name of publisher, distributor, etc. Taylor and Francis
260 ## - PUBLICATION, DISTRIBUTION, ETC.
Date of publication, distribution, etc. 2007
365 ## - TRADE PRICE
Price type code
365 ## - TRADE PRICE
Price amount 340
856 ## - ELECTRONIC LOCATION AND ACCESS
Uniform Resource Identifier <a href="http://www.taylorfrancis.com/books/9781315221861">http://www.taylorfrancis.com/books/9781315221861</a>
942 ## - ADDED ENTRY ELEMENTS (KOHA)
Koha item type eBooks
Holdings
Withdrawn status Lost status Damaged status Not for loan Home library Current library Date acquired Total Checkouts Barcode Date last seen Price effective from Koha item type
        Central Library Central Library 2026-03-24   CL2061215 2026-03-24 2026-03-24 eBooks
Copyright @ Delhi University Library System